| 000 | 00730nam a2200205Ia 4500 | ||
|---|---|---|---|
| 003 | GCL | ||
| 008 | 140319s9999 xx 000 0 ara d | ||
| 040 |
_aGCL / _cGCL |
||
| 082 | 0 | 4 |
_a327.11 _bع ط |
| 100 | 1 | _aعبدالرحمن شاكر | |
| 245 | 1 | 0 |
_aالطغيان والانتحار القومى : مالم يقله هيكل فى (حرب الخليج) / _cعبدالرحمن شاكر |
| 260 |
_aالقاهرة : _bمركز البحوث والدراسات الكويتية ، _c1995 |
||
| 300 |
_a195 ص ؛ _c12 سم |
||
| 490 | _a | ||
| 650 | 0 | 4 | _aالعصر الحديث |
| 650 | 0 | 4 | _aالكويت |
| 650 | 0 | 4 | _aالاحتلال العراقى (1990 - 1991) |
| 650 | 0 | 4 | _aالكويت - تاريخ |
| 942 |
_2ddc _cBK |
||
| 999 |
_c41545 _d41545 |
||